Statistics for Forbes Top 100 NBA Players of 2020

Click here to take the quiz!

General Stats

  • This quiz has been taken 21 times
  • The average score is 47 of 95

Answer Stats

HintAnswer% Correct
LakersAnthony Davis
95%
RocketsJames Harden
95%
ClippersKawhi Leonard
95%
LakersLebron James
95%
MavericksLuka Doncic
95%
Trail BlazersDamian Lillard
89%
CelticsJayson Tatum
89%
BucksKhris Middleton
89%
HeatBam Adebayo
84%
76ersBen Simmons
84%
SunsChris Paul
84%
Trail BlazersCJ McCollum
84%
76ersJoel Embiid
84%
TimberwolvesKarl-Anthony Towns
84%
RaptorsKyle Lowry
84%
NuggetsNikola Jokic
84%
JazzRudy Gobert
84%
HawksTrae Young
84%
PistonsDerrick Rose
79%
ClippersLou Williams
79%
RaptorsPascal Siakam
79%
ClippersPaul George
79%
CavaliersAndre Drummond
74%
JazzDonovan Mitchell
74%
SpursDerrick White
68%
CelticsKemba Walker
68%
KingsHassan Whiteside
63%
ClippersIvica Zubac
63%
76ersTobias Harris
63%
CelticsJaylen Brown
58%
WizardsRussell Westbrook
58%
BucksBrook Lopez
53%
LakersDennis Schroder
53%
RaptorsFred VanVleet
53%
MagicNikola Vucevic
53%
PelicansSteven Adams
53%
HawksClint Capela
47%
TimberwolvesD'Angelo Russell
47%
SunsDevin Booker
47%
PacersDomantas Sabonis
47%
PelcansEric Bledsoe
47%
HornetsGordon Hayward
47%
NuggetsJamal Murray
47%
GrizzliesJa Morant
47%
MavericksKristaps Porzingis
47%
NetsKyrie Irving
47%
PelicansLonzo Ball
47%
SpursPatty Mills
47%
NuggetsPaul Millsap
47%
ThunderShai Gilgeous-Alexander
47%
PelicansZion Williamson
47%
JazzBojan Bogdanovic
42%
WizardsBradley Beal
42%
PelicansBrandon Ingram
42%
KingsBuddy Hield
42%
HawksDanilo Gallinari
42%
HeatDuncan Robinson
42%
BucksGiannis Antetokounmpo
42%
JazzJoe Ingles
42%
HawksJohn Collins
42%
KnicksMitchell Robinson
42%
TimberwolvesRicky Rubio
42%
TrailblazersRobert Covington
42%
BullsZach LaVine
42%
KingsDe'Aaron Fox
37%
NetsDeAndre Jordan
37%
NetsJarrett Allen
37%
GrizzliesJonas Valanciunas
37%
CavaliersKevin Love
37%
SpursLaMarcus Aldridge
37%
CelticsMarcus Smart
37%
ThunderAl Horford
32%
GrizzliesBrandon Clarke
32%
HornetsDevonte Graham
32%
PelicansGeorge Hill
32%
NuggetsWill Barton
32%
PelicansDerrick Favors
26%
MavericksTim Hardaway
26%
WizardsDavis Bertans
21%
TrailblazersEnes Kanter
21%
MagicEvan Fournier
21%
JazzJordan Clarkson
21%
SpursJakob Poeltl
16%
CavaliersJaVale McGee
16%
RaptorsChris Boucher
11%
RocketsChristian Wood
11%
PacersMalcom Brogdon
11%
SunsMikal Bridges
11%
ClippersPatrick Beverly
11%
KingsRichaun Holmes
11%
RaptorsTerrence Davis
11%
CelticsDaniel Theis
5%
BucksDonte DiVincenzo
5%
CavaliersLarry Nance Jr.
5%
LakersMontrez Harrell
5%

Score Distribution

Percentile by Number Answered

Percent of People with Each Score

Your Score History

You have not taken this quiz